| 000 | 00696nam a2200193 a 4500 | ||
|---|---|---|---|
| 001 | 5808 | ||
| 003 | CDMR | ||
| 005 | 20130313104656.0 | ||
| 008 | 130130s ||||||||||||||||||||||||||||d | ||
| 020 | _a842972611X | ||
| 040 |
_aCDMR _bcat _cCDMR |
||
| 245 | 0 | 0 |
_aHistòria gràfica de Catalunya dia a dia 1986 _ccreació, direcció i disseny Enric Mir, Joaquim Sabrià i Marisa Trigo ; redacció de Xavier Febrés ; pròleg de Manuel Ibàñez Escofet ; entrevistes de Patrícia Gabancho |
| 260 |
_aBarcelona _bEdicions 62 _c1987 |
||
| 700 | 1 |
_91203 _aIbañez Escofet, Manuel |
|
| 700 | 1 |
_93031 _aMir, Enric |
|
| 700 | 1 |
_92677 _aGabancho, Patrícia |
|
| 700 | 1 |
_91324 _aFebrés, Xavier |
|
| 942 |
_cMON _2udc |
||
| 999 |
_c5808 _d5808 |
||